Catálogo
 En Linea

Santo Domingo : (Registro nro. 10597)

Detalles MARC
000 -CABECERA
campo de control de longitud fija 00707nam a2200205 a 4500
001 - NÚMERO DE CONTROL
campo de control 000010848
005 - FECHA Y HORA DE LA ÚLTIMA TRANSACCIÓN
campo de control 20200929162314.0
008 - DATOS DE LONGITUD FIJA--INFORMACIÓN GENERAL
campo de control de longitud fija 091012s1978 dr b 000 0 spa d
020 ## - NÚMERO INTERNACIONAL ESTÁNDAR DEL LIBRO
Número Internacional Estándar del Libro 8484010139
040 ## - FUENTE DE LA CATALOGACIÓN
Centro catalogador/agencia de origen DO-SdBNP
Lengua de catalogación spa
Centro/agencia transcriptor BNPHU
082 ## - NÚMERO DE LA CLASIFICACIÓN DECIMAL DEWEY
Número de clasificación xxx
Número de documento/Ítem L595s
049 ## - FONDOS LOCALES (OCLC)
Fondos de biblioteca BNPD
100 1# - ENTRADA PRINCIPAL--NOMBRE DE PERSONA
Nombre de persona Lepellertier de Saint Remy, R.
9 (RLIN) 26173
245 10 - MENCIÓN DE TÍTULO
Título Santo Domingo :
Resto del título estudio y solución nueva de la cuestión haitiana /
Mención de responsabilidad, etc. R. Lepellertier de Saint Remy.
260 ## - PUBLICACIÓN, DISTRIBUCIÓN, ETC.
Lugar de publicación, distribución, etc. Santo Domingo :
Nombre del editor, distribuidor, etc. Editora de Santo Domingo, S.A.,
Fecha de publicación, distribución, etc. 1978.
300 ## - DESCRIPCIÓN FÍSICA
Extensión v. ;
Dimensiones map.
500 ## - NOTA GENERAL
Nota general Incluye notas al pie de las páginas
500 ## - NOTA GENERAL
Nota general La biblioteca posee el vol. II
504 ## - NOTA DE BIBLIOGRAFÍA, ETC.
Nota de bibliografía, etc. Incluye referencias bibliográficas (p. 393-405)
Existencias
Estado de retiro Estado de pérdida Restricciones de uso No para préstamo Código de colección Localización permanente Ubicación/localización actual Ubicación en estantería Fecha de adquisición Número de inventario Total de préstamos Signatura topográfica completa Código de barras Fecha visto por última vez Precio válido a partir de Tipo de ítem Koha Nota pública
        Patrimonio Dominicano General General Depósito 22.05.2015 LF1   v. 2, e. 5 10848-100 25.06.2020 25.06.2020 Libro y Folleto Colección Patrimonio Dominicano  
        Patrimonio Dominicano General General Depósito 01.12.2010 LF1   v. 1, e. 3 10848-30 25.06.2020 25.06.2020 Libro y Folleto Colección Patrimonio Dominicano Perteneció a la biblioteca personal de Dr. F. E. Efraín Reyes
        Patrimonio Dominicano General General Depósito 30.05.2011 LF1   v. 1, e. 4 10848-40 25.06.2020 25.06.2020 Libro y Folleto Colección Patrimonio Dominicano  
  Extraviado     Patrimonio Dominicano General General Extraviado 17.02.2015 LF1   v. 1, e. 5 10848-50 25.06.2020 25.06.2020 Libro y Folleto Colección Patrimonio Dominicano  
        Patrimonio Dominicano General General Depósito 22.05.2015 LF1   v. 2, e. 3 10848-80 25.06.2020 25.06.2020 Libro y Folleto Colección Patrimonio Dominicano  
        Patrimonio Dominicano General General Depósito 22.05.2015 LF1   v. 2, e. 4 10848-90 25.06.2020 25.06.2020 Libro y Folleto Colección Patrimonio Dominicano  
        Patrimonio Dominicano Patrimonio Dominicano Patrimonio Dominicano Depósito 12.10.2009 LF1   v. 1 10848-10 25.06.2020 25.06.2020 Libro y Folleto Colección Patrimonio Dominicano Perteneció a la biblioteca personal de Ramón Domínguez G.
      Excluido de préstamo Patrimonio Dominicano Patrimonio Dominicano Patrimonio Dominicano Depósito 01.12.2010 LF1   v. 1, e. 2 10848-20 25.06.2020 25.06.2020 Libro y Folleto Colección Patrimonio Dominicano Perteneció a la biblioteca personal del Dr. Guaroa Ginebra H.
      Excluido de préstamo Patrimonio Dominicano Patrimonio Dominicano Patrimonio Dominicano Depósito 22.05.2015 LF1   v. 2 10848-60 25.06.2020 25.06.2020 Libro y Folleto Colección Patrimonio Dominicano  
      Excluido de préstamo Patrimonio Dominicano Patrimonio Dominicano Patrimonio Dominicano Depósito 22.05.2015 LF1   v. 2, e. 2 10848-70 25.06.2020 25.06.2020 Libro y Folleto Colección Patrimonio Dominicano  

Con tecnología Koha